| 000 | 00353nam a2200145Ia 4500 | ||
|---|---|---|---|
| 008 | 221030s9999 xx 000 0 und d | ||
| 041 | _aEnglish | ||
| 082 | _a105.23 | ||
| 100 | _aR. Mittal | ||
| 245 | 0 |
_aElectronic Devices Including DIODE Circuits _cby R. Mittal, G. K. Mithal |
|
| 260 | _c0 | ||
| 650 | _aB | ||
| 700 | _aG. K. Mithal | ||
| 942 | _cBK | ||
| 999 |
_c13729 _d13729 |
||